000
00229nam a2200097Ia 4500
001
805665
005
20250826171157.0
008
250824s9999 xx 000 0 und d
245
0
_a
AYLİN
_c
AYŞE KULİN
260
_b
EVEREST YAYINLARI
999
_c
805665
_d
805665